[Event "Ch Croatia (team) (2nd league)"]
[Site "masterchessopen.com - Croatia"]
[Date "2007.04.30"]
[Round "3"]
[White "Stimac Josip (CRO)"]
[Black "Dropulic Elvis (CRO)"]
[Result "0-1"]
[WhiteElo "2007"]
[BlackElo "2032"]

1.d4 d6 2.Nf3 Nf6 3.c4 Nbd7 4.Nc3 e5 5.e4 c6 6.Be2 Be7 7.O-O O-O 8.Qc2 Qc7
9.Bg5 Re8 10.Rfd1 Nf8 11.c5 N8d7 12.Bxf6 Nxf6 13.cxd6 Bxd6 14.Rac1 exd4
15.Rxd4 Qe7 16.Bc4 Bc5 17.Rd2 Bg4 18.Ng5 Bh5 19.Kh1 Qe5 20.Nh3 Bg4 21.f4 Qh5
22.Ng5 Be6 23.Nxe6 fxe6 24.Nd1 Bb6 25.Rd3 Qh4 26.e5 Qe1# 0-1

[Event "Ch Switzerland (team) 2007"]
[Site "masterchessopen.com - Switzerland"]
[Date "2007.06.03"]
[Round "4"]
[White "Sutter Oliver (SUI)"]
[Black "Vogt Lothar (GER)"]
[Result "0-1"]
[WhiteElo "2380"]
[BlackElo "2473"]

1.d4 d6 2.c4 e5 3.Nf3 Nd7 4.Nc3 Ngf6 5.e4 g6 6.Be2 Bg7 7.d5 Nc5 8.Qc2 a5 9.Bg5
h6 10.Bh4 O-O 11.Nd2 h5 12.Bg5 Qe8 13.b3 Nh7 14.Be3 f5 15.f3 Bf6 16.O-O f4
17.Bf2 g5 18.a3 Na6 19.h3 Kh8 20.Rab1 Rg8 21.b4 g4 22.fxg4 hxg4 23.Bxg4 Bxg4
24.hxg4 axb4 25.axb4 Rxg4 26.Qd3 Qg6 27.Qh3 Rg8 28.Kh1 Rg5 29.Bh4 Rh5 {#R} 0-1

[Event "Memorial R.Nezhmetdinov (open)"]
[Site "masterchessopen.com - Kazan (Russia)"]
[Date "2007.06.07"]
[Round "7"]
[White "Gleizerov Evgeny (RUS)"]
[Black "Amirkhanov Roustem (RUS)"]
[Result "1-0"]
[WhiteElo "2552"]
[BlackElo "2264"]

1.d4 Nf6 2.c4 d6 3.Nf3 Nbd7 4.Nc3 e5 5.e4 Be7 6.Be2 O-O 7.O-O c6 8.d5 a6 9.Be3
Ng4 10.Bd2 h6 11.b4 c5 12.a3 cxb4 13.axb4 Qc7 14.Qb1 Nb6 15.Qb3 Kh8 16.h3 Nf6
17.Rfc1 Nh5 18.Be3 f5 19.c5 dxc5 20.bxc5 Bxc5 21.Bxc5 Qxc5 22.Na4 Nxa4 23.Rxc5
Nxc5 24.Qe3 Nd7 25.Nxe5 Nxe5 26.Bxh5 {#r} 1-0

[Event "Ch Poland (for the Blind)"]
[Site "masterchessopen.com - Poznan (Poland)"]
[Date "2007.06.19"]
[Round "9"]
[White "Kulpinski Piotr (POL)"]
[Black "Falkowski Dawid (POL)"]
[Result "1-0"]
[WhiteElo "2032"]
[BlackElo "1998"]

1.d4 Nf6 2.Nf3 d6 3.c4 Nbd7 4.Nc3 e5 5.e4 exd4 6.Nxd4 Be7 7.Be2 O-O 8.O-O Re8
9.f3 Nf8 10.Be3 Ng6 11.Rc1 h6 12.Qd2 Bf8 13.Nd5 Ne5 14.Nb5 Nxd5 15.cxd5 c6
16.dxc6 bxc6 17.Nc3 Be6 18.b3 Qe7 19.Rfd1 Red8 20.Qb2 Rac8 21.Rc2 f5 22.Ba6
Rc7 23.Rcd2 Rcd7 24.Bd4 f4 25.Ne2 Qg5 26.Kh1 Kh7 27.Rc2 {#r} 1-0

[Event "It (open) \"]
[Site "masterchessopen.com - Athens (Greece)"]
[Date "2007.06.23"]
[Round "3"]
[White "Karatzanos Konstantinos (GRE)"]
[Black "Kiriazis Dimitrios (GRE)"]
[Result "0-1"]
[WhiteElo "1451"]
[BlackElo "1885"]

1.d4 Nf6 2.c4 d6 3.Nc3 Nbd7 4.e4 e5 5.Nf3 c6 6.Be2 Be7 7.O-O O-O 8.h3 Qc7 9.b3
a6 10.Re1 b5 11.d5 b4 12.Nb1 Nxe4 13.Nbd2 Nc3 14.Qc2 cxd5 15.cxd5 Nxe2+
16.Rxe2 Qxc2 {#R} 0-1

[Event "Memorial Izmailov (open)"]
[Site "masterchessopen.com - Tomsk (Russia)"]
[Round "0"]
[White "Novikov Maxim (RUS)"]
[Black "Avdeenko Tatiana (RUS)"]
[Result "1-0"]
[WhiteElo "2538"]
[BlackElo "2201"]

1.c4 d6 2.d4 Nf6 3.Nc3 Nbd7 4.e4 e5 5.Nf3 c6 6.Be2 Be7 7.O-O O-O 8.Rb1 a6 9.h3
Re8 10.Qc2 Bf8 11.a4 a5 12.Re1 exd4 13.Nxd4 Nc5 14.Bf1 g6 15.Bf4 Nh5 16.Bh2
Ne6 17.Nf3 Nhf4 18.Rbd1 Qf6 19.e5 dxe5 20.Nxe5 Ng5 21.Bxf4 Qxf4 22.Nxg6 Nxh3+
23.gxh3 Qg5+ 24.Kh1 Bf5 25.Ne7+ Rxe7 26.Bd3 Bxd3 27.Qxd3 Rd8 28.Rg1 {#r} 1-0

[Event "It (open)"]
[Site "masterchessopen.com - Kowalewo Pomorskie (Poland) "]
[Date "2007.07.04"]
[Round "1"]
[White "Shishkin Vadim (UKR)"]
[Black "Olszewski Marek (POL)"]
[Result "1-0"]
[WhiteElo "2530"]
[BlackElo "2110"]

1.d4 Nf6 2.c4 d6 3.Nc3 e5 4.Nf3 Nbd7 5.e4 Be7 6.Be2 O-O 7.Be3 c6 8.O-O Re8
9.d5 c5 10.Ne1 Rf8 11.Nd3 Ne8 12.Qd2 h6 13.g3 Ndf6 14.f3 Nh7 15.Kh1 f5 16.exf5
Bxf5 17.f4 exf4 18.Nxf4 Nc7 19.g4 Bd7 20.Bd3 Bf6 21.Qc2 Ng5 22.h4 Nf7 23.Bh7+
Kh8 24.Ng6+ Kxh7 25.Nxf8+ Kg8 26.Nxd7 Qxd7 27.Rxf6 Qxg4 28.Qh2 {#r} 1-0

[Event "It (open) \"]
[Site "masterchessopen.com - Berdsk (Russia)"]
[Date "2007.07.08"]
[Round "1"]
[White "Agafonov Alexey (RUS)"]
[Black "Vanin Maxim (RUS)"]
[Result "1-0"]
[WhiteElo "2160"]
[BlackElo "2209"]

1.Nf3 d6 2.d4 Nf6 3.c4 Nbd7 4.Nc3 e5 5.e4 c6 6.Be2 Be7 7.O-O O-O 8.h3 Qc7
9.Be3 Re8 10.d5 Nh5 11.b4 g6 12.Qa4 Rf8 13.Rad1 Bf6 14.Rc1 Re8 15.dxc6 bxc6
16.c5 Rb8 17.cxd6 Qxd6 18.Qd1 Qxd1 19.Rfxd1 Be7 20.a3 Nb6 21.Bf1 Bd7 22.Bxb6
{#r} 1-0

[Event "It (open) (b)"]
[Site "masterchessopen.com - Grodzisk Mazowiecki (Poland)"]
[Date "2007.07.25"]
[Round "6"]
[White "Romejko Konrad (POL)"]
[Black "Maliszewski K (UKR)"]
[Result "1-0"]
[WhiteElo "1858"]
[BlackElo "2236"]

1.d4 Nf6 2.c4 d6 3.Nc3 e5 4.Nf3 Nbd7 5.e4 exd4 6.Nxd4 Nc5 7.Qc2 g6 8.f3 Bg7
9.Be3 O-O 10.O-O-O Ne6 11.g4 Nd7 12.Nxe6 fxe6 13.Be2 Bxc3 14.Qxc3 Qf6 15.Qd2
e5 16.h4 Rf7 17.h5 Nf8 18.c5 Rd7 19.Bc4+ Kh8 20.Bg5 Qxf3 21.Rdf1 Qxe4 22.Rxf8+
{#r} 1-0

[Event "It (open)"]
[Site "masterchessopen.com - Dubna (Russia)"]
[Date "2007.08.09"]
[Round "10"]
[White "Luzhetskiy Yuri (RUS)"]
[Black "Bezgodova Maria (RUS)"]
[Result "1-0"]
[WhiteElo "2143"]
[BlackElo "2041"]

1.d4 Nf6 2.c4 d6 3.Nc3 Nbd7 4.e4 e5 5.Nf3 Be7 6.dxe5 dxe5 7.Qc2 c6 8.Be2 O-O
9.O-O a6 10.Rd1 Qc7 11.Bg5 b5 12.cxb5 cxb5 13.Rac1 Qb8 14.Nd5 Nxd5 15.exd5 Bd6
16.Nh4 Nb6 17.Nf5 h6 18.Be3 Bxf5 19.Qxf5 Nc4 20.Bxc4 bxc4 21.Rxc4 Qxb2 22.Bxh6
Qe2 23.Rdc1 f6 24.Bxg7 Kxg7 25.Rg4+ Qxg4 26.Qxg4+ Kf7 27.Qe6+ Kg7 28.Qxd6 {#r}
1-0

[Event "It (open) \"]
[Site "masterchessopen.com - Berlin (Germany)"]
[Date "2007.08.26"]
[Round "9"]
[White "Ortmann David (GER)"]
[Black "Fischer Daniel (GER)"]
[Result "1-0"]
[WhiteElo "2315"]
[BlackElo "2124"]

1.Nf3 d6 2.d4 Nf6 3.c4 Nbd7 4.Nc3 e5 5.e4 c6 6.Be2 a6 7.O-O b5 8.a3 Be7 9.d5
cxd5 10.cxd5 Nb6 11.Ne1 O-O 12.Nd3 Bb7 13.a4 bxa4 14.Nxa4 Nxe4 15.Qb3 Nxa4
16.Rxa4 {#r} 1-0

[Event "It (open)"]
[Site "masterchessopen.com - Obra (Poland)"]
[Date "2007.08.30"]
[Round "4"]
[White "Hrynkiewicz Bartosz (POL)"]
[Black "Kowalczyk Rafal (POL)"]
[Result "1-0"]
[WhiteElo "1969"]
[BlackElo "1950"]

1.d4 Nf6 2.Nf3 d6 3.c4 Nbd7 4.Nc3 e5 5.e4 Be7 6.Be2 O-O 7.O-O c6 8.b3 Qc7
9.Bb2 Rd8 10.Rc1 g6 11.Qc2 Bf8 12.Rcd1 Bg7 13.dxe5 dxe5 14.Ba3 Ne8 15.Be7 Bf6
16.Bxd8 Qxd8 17.b4 Nc7 18.c5 Qe8 19.Nd2 Ne6 20.Nc4 Nd4 21.Qd2 Nf8 22.Nd6 Qe7
23.f4 Be6 24.f5 Bc8 25.Bc4 Bg5 26.Qf2 Nd7 27.Nxf7 Kg7 28.Nxg5 Qxg5 29.fxg6
{#r} 1-0

[Event "Cup Arctic (team) (juniors) (under 16)"]
[Site "masterchessopen.com - Salekhard (Russia)"]
[Date "2007.10.12"]
[Round "5"]
[White "Rassokhina Ekaterina (RUS)"]
[Black "Filonenko Elena (RUS)"]
[Result "1-0"]
[WhiteElo "1984"]
[BlackElo "1602"]

1.d4 d6 2.c4 Nf6 3.Nc3 Nbd7 4.Nf3 e5 5.e4 Be7 6.Be2 O-O 7.O-O c6 8.d5 Nc5
9.Qc2 a5 10.Be3 Qc7 11.Rfd1 Rd8 12.a3 Ng4 13.Bxc5 dxc5 14.Rd2 Bd6 15.Rad1 f6
16.Ne1 Nh6 17.dxc6 bxc6 18.Na4 Be6 19.Nd3 Qe7 20.Ndxc5 Nf7 21.Nxe6 Qxe6 22.c5
Bc7 23.Bc4 Qe7 24.b4 axb4 25.axb4 Rdb8 26.Rd7 Qf8 27.Rxf7 {#r} 1-0

[Event "Ch Ukraine (juniors) (under 16) (g) (1/2 final)"]
[Site "masterchessopen.com - Kherson (Ukraine)"]
[Date "2007.11.22"]
[Round "8"]
[White "Smirnova Alisa (UKR)"]
[Black "Aganesova Evgeniya (UKR)"]
[Result "0-1"]
[WhiteElo "1783"]
[BlackElo "2030"]

1.d4 Nf6 2.c4 d6 3.Nc3 Nbd7 4.Nf3 e5 5.e4 Be7 6.Be2 O-O 7.O-O c6 8.d5 Nc5
9.Qc2 a5 10.dxc6 bxc6 11.Be3 Qc7 12.Bxc5 dxc5 13.Rfd1 Re8 14.Rd2 Nd7 15.Rad1
Nf8 16.Qd3 Ne6 17.Qe3 Nd4 18.h3 h6 19.Nh2 Bg5 20.Qg3 Bxd2 21.Rxd2 Qe7 {#R} 0-1

[Event "Oberliga East B 2007/08"]
[Site "masterchessopen.com - Germany"]
[Date "2008.01.19"]
[Round "6"]
[White "Schlesinger Omri (GER)"]
[Black "Herges Udo Dr (GER)"]
[Result "1-0"]
[WhiteElo "2221"]
[BlackElo "2089"]

1.d4 Nf6 2.Nf3 d6 3.c4 Nbd7 4.Nc3 e5 5.e4 c6 6.Be2 Be7 7.O-O O-O 8.Be3 Ng4
9.Bc1 Ngf6 10.d5 cxd5 11.cxd5 a6 12.Be3 Ng4 13.Bd2 b5 14.b4 f5 15.a4 bxa4
16.exf5 Nb6 17.Nxa4 Bxf5 18.Nc3 Qc8 19.Qb3 Kh8 20.Ra5 Bf6 21.Ng5 Bxg5 22.Bxg5
Nf6 23.Be3 Qb7 24.Rfa1 Rfb8 25.Bxa6 Rxa6 26.Rxa6 Nbxd5 27.Nxd5 {#r} 1-0

[Event "Ch UrFO (open)"]
[Site "masterchessopen.com - Ekaterinburg (Russia)"]
[Date "2008.03.16"]
[Round "2"]
[White "Gabdullin Mikhail (RUS)"]
[Black "Kharous Ernest (RUS)"]
[Result "0-1"]
[WhiteElo "1924"]
[BlackElo "2400"]

1.d4 d6 2.Nf3 Nf6 3.c4 Nbd7 4.Nc3 e5 5.e4 c6 6.Be2 Be7 7.O-O O-O 8.d5 Nc5
9.Nd2 a5 10.b3 Bd7 11.Re1 Qb6 12.Rb1 Rae8 13.a3 cxd5 14.cxd5 {#R} 0-1

[Event "It (open)"]
[Site "masterchessopen.com - La Laguna (Spain)"]
[Date "2008.04.23"]
[Round "3"]
[White "Navarro Molina David (ESP)"]
[Black "Rodriguez Vera Gregorio (ESP)"]
[Result "0-1"]
[WhiteElo "1809"]
[BlackElo "2146"]

1.d4 Nf6 2.c4 d6 3.Nc3 Nbd7 4.Nf3 e5 5.e4 exd4 6.Qxd4 g6 7.Bf4 Bg7 8.Qd2 O-O
9.g3 Re8 10.Qc2 Nc5 11.Nd2 Nfxe4 12.Ncxe4 Nxe4 13.Nxe4 f5 14.Bg2 fxe4 15.O-O
Bf5 16.Qb3 Kh8 17.Qxb7 Rb8 18.Qxa7 Rxb2 19.Rac1 Bg4 20.Be3 c5 21.Qa4 Be2
22.Rfe1 Rb4 23.Qc6 Bxc4 24.Bg5 Qb8 25.Bxe4 Bb5 26.Qb7 Rbxe4 27.Qxb8 Rxe1+
28.Rxe1 Rxb8 {#R} 0-1

[Event "Ch Europe (schools) (team)"]
[Site "masterchessopen.com - Halkidiki (Greece)"]
[Date "2008.04.29"]
[Round "1"]
[White "Kazantzidis Ilias (GRE)"]
[Black "Litvinov Konstantin (RUS)"]
[Result "1-0"]
[WhiteElo "2105"]
[BlackElo "1752"]

1.Nf3 d6 2.d4 Nf6 3.c4 Nbd7 4.Nc3 e5 5.e4 Be7 6.Be2 O-O 7.O-O c6 8.Re1 Qc7
9.Bf1 Re8 10.Rb1 a5 11.a3 Bf8 12.b4 axb4 13.axb4 h6 14.Qc2 exd4 15.Nxd4 Ne5
16.Nb3 Qb6 17.Be3 Qxb4 18.Nd2 Qa5 19.Bb6 Nf3+ 20.Nxf3 Qh5 21.Bd4 Nh7 22.Ne2 g5
23.Ng3 Qg6 24.Bd3 f6 25.e5 Qg7 26.Nh5 {#r} 1-0

[Event "Memorial Izmailov (open)"]
[Site "masterchessopen.com - Tomsk (Russia)"]
[Date "2008.06.29"]
[Round "5"]
[White "Nechepurenko Roman V (RUS)"]
[Black "Peregudov Nickolai (KAZ)"]
[Result "1-0"]
[WhiteElo "2507"]
[BlackElo "2403"]

1.d4 Nf6 2.c4 d6 3.Nf3 Nbd7 4.Nc3 e5 5.e4 c6 6.g3 Be7 7.Bg2 O-O 8.O-O a6 9.d5
c5 10.a4 Ne8 11.Ne1 g6 12.Nd3 Bf6 13.a5 Rb8 14.Be3 Qc7 15.Na4 Be7 16.Qd2 f5
17.f3 fxe4 18.fxe4 Rxf1+ 19.Rxf1 Nef6 20.h3 Nf8 21.b4 Bd7 22.Nb6 cxb4 23.Bg5
Qd8 24.Qf2 Kg7 25.Nxe5 Be8 26.Bxf6+ Bxf6 27.Ng4 {#r} 1-0

[Event "It (open)"]
[Site "masterchessopen.com - Dortmund (Germany)"]
[Date "2008.07.06"]
[Round "9"]
[White "Volkov Nikita (RUS)"]
[Black "Szobries Harald (GER)"]
[Result "1-0"]
[WhiteElo "2081"]
[BlackElo "1933"]

1.d4 d6 2.Nf3 Nf6 3.c4 Nbd7 4.Nc3 e5 5.e4 c6 6.Be2 Be7 7.O-O O-O 8.Be3 Ng4
9.Bd2 a6 10.d5 cxd5 11.cxd5 Ngf6 12.b4 b5 13.a4 bxa4 14.Qxa4 Nb6 15.Qb3 Bb7
16.Be3 Ng4 17.Bd2 f5 18.exf5 Rxf5 19.h3 Nh6 20.Bd3 Rxf3 21.gxf3 Bg5 22.Qc2 Rc8
23.Bxh7+ Kh8 24.Be4 Bf4 25.Bxf4 exf4 26.Qd3 Qg5+ 27.Kh2 Rxc3 28.Qxc3 Nxd5
29.Bxd5 Bxd5 30.Ra5 {#r} 1-0

[Event "It (open)"]
[Site "masterchessopen.com - Gdansk (Poland)"]
[Date "2008.07.26"]
[Round "9"]
[White "Khamitskiy Sergei (BLR)"]
[Black "Kochetkov Vitali (BLR)"]
[Result "0-1"]
[WhiteElo "2341"]
[BlackElo "2252"]

1.d4 Nf6 2.c4 d6 3.Nc3 Nbd7 4.e4 e5 5.Nf3 Be7 6.d5 O-O 7.h3 c6 8.Be3 Re8 9.Be2
Nf8 10.O-O Ng6 11.Re1 a6 12.b4 Nh5 13.Bf1 Nhf4 14.Kh2 f5 15.exf5 Bxf5 16.g3
cxd5 17.Nxd5 Nxd5 18.Qxd5+ Kh8 19.Bg2 Qc8 20.Ng5 Bxg5 21.Bxg5 e4 22.g4 Be6
23.Qxd6 Bxc4 24.Rac1 {#R} 0-1

[Event "It (w)"]
[Site "masterchessopen.com - Tashkent (Uzbekistan)"]
[Date "2008.09.13"]
[Round "9"]
[White "Nodirjanova Nodira (UZB)"]
[Black "Sabirova O (UZB)"]
[Result "1-0"]
[WhiteElo "2118"]
[BlackElo "2185"]

1.d4 Nf6 2.c4 d6 3.Nc3 Nbd7 4.Nf3 e5 5.e4 Be7 6.Be2 O-O 7.O-O c6 8.Be3 exd4
9.Nxd4 d5 10.exd5 cxd5 11.Nf5 dxc4 12.Nxe7+ Qxe7 13.Bxc4 Ne5 14.Nd5 Nxd5
15.Bxd5 Be6 16.Bxe6 Qxe6 17.Re1 Rfd8 18.Bd4 Qc4 19.Rxe5 Qxd4 20.Re8+ {#r} 1-0

[Event "Memorial Siamidi (open)"]
[Site "masterchessopen.com - Ufa (Russia)"]
[Date "2008.09.16"]
[Round "5"]
[White "Kopeikin Yuri (RUS)"]
[Black "Nozdrin Alexander V (RUS)"]
[Result "0-1"]
[WhiteElo "2107"]
[BlackElo "2413"]

1.d4 d6 2.Nf3 Nd7 3.e4 e5 4.c4 Ngf6 5.Nc3 Be7 6.Bd3 O-O 7.O-O c6 8.h3 Qe8
9.Be3 Bd8 10.b4 a6 11.Qc2 Qe7 12.a3 Re8 13.Bg5 h6 14.Bh4 Nf8 15.Rfe1 Ng6
16.Bg3 Nh5 17.Ne2 exd4 18.Nfxd4 Nxg3 19.Nxg3 Bb6 20.Ndf5 Qe5 21.Rad1 Nf4
22.Nxd6 Nxh3+ 23.Kf1 Bxf2 {#R} 0-1

[Event "Tournament (Elo)"]
[Site "masterchessopen.com - Ekaterinburg (Russia)"]
[Date "2008.09.20"]
[Round "6"]
[White "Gusarov Grigory (RUS)"]
[Black "Karayev Assylkhan (KAZ)"]
[Result "1-0"]
[WhiteElo "2211"]
[BlackElo "2283"]

1.d4 Nf6 2.Nf3 d6 3.c4 Nbd7 4.Nc3 e5 5.e4 Be7 6.Be2 O-O 7.O-O c6 8.Re1 a6
9.Rb1 b5 10.b4 Qc7 11.h3 Rd8 12.Qb3 exd4 13.Nxd4 bxc4 14.Bxc4 Ne5 15.f4 Nxc4
16.Qxc4 Bb7 17.Nd5 Nxd5 18.exd5 Bf6 19.Nxc6 Rac8 20.Nxd8 Qxd8 21.Qe4 Qb6+
22.Be3 Qb5 23.Rbd1 Bc3 24.Bd2 Bxd5 25.Qf5 Be6 26.Qxb5 axb5 27.Bxc3 Rxc3 28.f5
Bd7 29.Rxd6 {#r} 1-0

[Event "Czech League 2008/09 (krajsky prebor)"]
[Site "masterchessopen.com - Czech Republic"]
[Date "2008.10.19"]
[Round "0"]
[White "Kuchynka Lubos (CZE)"]
[Black "Rehurek Jiri (CZE)"]
[Result "1-0"]
[WhiteElo "2050"]
[BlackElo "1787"]

1.d4 Nf6 2.c4 d6 3.Nc3 e5 4.Nf3 Nbd7 5.e4 c6 6.g3 Be7 7.Bg2 O-O 8.O-O Ne8
9.Qc2 g6 10.Rd1 Qc7 11.b3 Ng7 12.a4 a5 13.Ba3 Re8 14.Rd2 Nf8 15.h3 f5 16.Qb2
exd4 17.Nxd4 Nfe6 18.Rad1 Nc5 19.exf5 Nxf5 20.Re2 Bd7 21.Nxf5 Bxf5 22.g4 Bd7
23.Ne4 Nxe4 24.Rxe4 Rad8 25.Rxe7 Rxe7 26.Bxd6 Bxg4 27.Bxc7 Rxd1+ 28.Kh2 Bxh3
29.Bxh3 {#r} 1-0

[Event "It (open) (b)"]
[Site "masterchessopen.com - Groningen (Netherlands)"]
[Date "2008.12.26"]
[Round "5"]
[White "Karsdorp Nico (NED)"]
[Black "Hommes Elmar (NED)"]
[Result "1-0"]
[WhiteElo "1907"]
[BlackElo "1961"]

1.Nf3 d6 2.c4 Nf6 3.Nc3 Nbd7 4.d4 e5 5.e4 c6 6.Be2 Be7 7.h3 O-O 8.Be3 Re8
9.Qc2 a6 10.O-O Qc7 11.Rac1 Bf8 12.Rfd1 b6 13.a3 Bb7 14.b4 Rac8 15.dxe5 dxe5
16.Nd2 a5 17.Qb3 Nb8 18.c5 bxc5 19.bxa5 Ba6 20.Bxa6 Nxa6 21.Qb6 Qxb6 22.axb6
c4 23.Nxc4 Nc5 24.Bxc5 Bxc5 25.Nd6 Bxa3 26.Nxc8 Rxc8 27.b7 Rb8 28.Ra1 Rxb7
29.Rxa3 {#r} 1-0

[Event "Ch Niedersachsen"]
[Site "masterchessopen.com - Verden (Germany)"]
[Date "2009.01.05"]
[Round "8"]
[White "Plischki Sebastian (GER)"]
[Black "Guennigmann Manuel (GER)"]
[Result "1-0"]
[WhiteElo "2368"]
[BlackElo "2165"]

1.Nf3 Nf6 2.c4 d6 3.d4 Nbd7 4.Nc3 e5 5.e4 c6 6.Be2 Be7 7.O-O O-O 8.Qc2 a6
9.Rd1 Qc7 10.Rb1 b5 11.b4 Bb7 12.Bg5 Rfe8 13.a4 bxc4 14.dxe5 Nxe5 15.Nxe5 dxe5
16.Bxc4 Ng4 17.Bxe7 Rxe7 18.a5 Nf6 19.Na4 Nd7 20.Rbc1 h6 21.Qe2 Ree8 22.Rc3
Nf6 23.Nc5 Qc8 24.h3 Rf8 25.Rf3 Rb8 26.Rxf6 gxf6 27.Qh5 Qe8 28.Qg6+ Kh8
29.Qxh6+ Kg8 30.Rd3 {#r} 1-0

[Event "Ch Bulgaria (1/2 final)"]
[Site "masterchessopen.com - Plovdiv (Bulgaria)"]
[Date "2009.01.26"]
[Round "3"]
[White "Kukov Velislav (BUL)"]
[Black "Georgiev Steljan (BUL)"]
[Result "1-0"]
[WhiteElo "2350"]
[BlackElo "2161"]

1.d4 Nf6 2.Nf3 d6 3.c4 Nbd7 4.Nc3 e5 5.e4 Be7 6.Be2 O-O 7.O-O Re8 8.Qc2 c6
9.h3 a6 10.Rd1 Qc7 11.Be3 Bf8 12.dxe5 dxe5 13.Na4 b6 14.Rac1 Nc5 15.Nd2 Nfd7
16.b4 Nxa4 17.Qxa4 c5 18.bxc5 Bxc5 19.Bxc5 bxc5 20.Nb3 Rd8 21.Qa5 Ra7 22.Bg4
{#r} 1-0

[Event "Ch City"]
[Site "masterchessopen.com - Belgrade (Serbia)"]
[Date "2009.02.01"]
[Round "9"]
[White "Maksimovic Marko (SRB)"]
[Black "Cvetkovic Srdjan (SRB)"]
[Result "1-0"]
[WhiteElo "2230"]
[BlackElo "2382"]

1.d4 Nf6 2.c4 d6 3.Nc3 e5 4.Nf3 Nbd7 5.e4 c6 6.Be2 Be7 7.Be3 O-O 8.O-O a6 9.a4
a5 10.h3 exd4 11.Nxd4 Nc5 12.Qc2 Re8 13.f4 Bf8 14.Bf3 g6 15.Rae1 Qb6 16.Bf2
Nfd7 17.Re2 Bg7 18.Na2 Qc7 19.Rfe1 Ne6 20.Nxe6 fxe6 21.c5 dxc5 22.e5 b6 23.Rd2
Bb7 24.Red1 Rad8 25.Bh4 Bc8 26.Rd6 Bf8 27.Rxc6 Qa7 28.Bxd8 Rxd8 29.Bg4 Re8
30.Rxc8 {#r} 1-0

[Event "Ch Belgium (juniors) (elite)"]
[Site "masterchessopen.com - Houffalize (Belgium)"]
[Date "2009.04.16"]
[Round "5"]
[White "De Schampheleire Glen (BEL)"]
[Black "Bomans Arno (BEL)"]
[Result "0-1"]
[WhiteElo "2156"]
[BlackElo "2102"]

1.Nf3 Nf6 2.d4 d6 3.c4 Nbd7 4.Nc3 e5 5.e4 Be7 6.Be2 O-O 7.O-O c6 8.h3 b6 9.a4
a6 10.d5 c5 11.Ne1 Ne8 12.Nd3 Bg5 13.b4 Bxc1 14.Qxc1 Qh4 15.Qe3 g6 16.a5 cxb4
17.Nxb4 bxa5 18.Rxa5 f5 19.f3 f4 20.Qf2 Qg5 21.Rb1 Nef6 22.Nc6 Nh5 23.Kf1 Nc5
24.Ke1 Ng3 25.Kd2 Ngxe4+ 26.fxe4 f3+ 27.Qe3 Qxg2 28.Ne7+ Kg7 29.Rg1 Qh2 30.Qg5
Nxe4+ {#R} 0-1

[Event "It (open)"]
[Site "masterchessopen.com - Pierrevert (France)"]
[Date "2009.04.19"]
[Round "1"]
[White "Chatalbashev Boris (BUL)"]
[Black "Cade Jean-Marie (FRA)"]
[Result "1-0"]
[WhiteElo "2548"]
[BlackElo "1645"]

1.d4 Nf6 2.c4 d6 3.Nc3 Nbd7 4.e4 e5 5.Nf3 Be7 6.Be2 O-O 7.O-O h6 8.Rb1 Nh7
9.Nd5 Nb6 10.dxe5 Nxd5 11.exd5 Bf5 12.Bd3 Bg4 13.Qc2 f5 14.exf6 Nxf6 15.Nd4
Bd7 16.Bf5 Bxf5 17.Qxf5 Nd7 18.Qh3 Rf6 19.Ne6 Qc8 20.Qg3 Bf8 21.Bf4 Nc5
22.Nxc5 dxc5 23.Bxc7 Qd7 24.Be5 Bd6 25.f4 {#r} 1-0

[Event "Ch Russia (juniors) (under 16)"]
[Site "masterchessopen.com - Dagomys (Russia)"]
[Date "2009.04.23"]
[Round "9"]
[White "Goldobin Mikhail (RUS)"]
[Black "Piskunov Alexandr (RUS)"]
[Result "1-0"]
[WhiteElo "2104"]
[BlackElo "2099"]

1.d4 d6 2.Nf3 Nf6 3.c4 Nbd7 4.Nc3 e5 5.e4 Be7 6.Be2 O-O 7.O-O c6 8.Qc2 a6 9.a4
a5 10.d5 Qc7 11.h3 h6 12.Be3 Nh7 13.Qd2 Nc5 14.Rad1 Rd8 15.g4 Na6 16.Kh2 Re8
17.Rg1 Qd8 18.c5 cxd5 19.cxd6 Bxd6 20.Nxd5 Nc5 21.Nc3 Re6 22.Bxc5 {#r} 1-0

[Event "It (open)"]
[Site "masterchessopen.com - Benidorm (Spain)"]
[Date "2009.05.02"]
[Round "9"]
[White "Granero Roca Antonio (ESP)"]
[Black "Suba Mihai (ROM)"]
[Result "1-0"]
[WhiteElo "2433"]
[BlackElo "2540"]

1.d4 Nf6 2.c4 d6 3.Nf3 Nbd7 4.Nc3 e5 5.e4 Be7 6.Be2 O-O 7.O-O c6 8.d5 Nc5
9.Qc2 a5 10.Be3 Qc7 11.h3 Bd7 12.Nd2 Rfc8 13.Rac1 Qb8 14.a4 Be8 15.f4 Ncd7
16.Kh2 Bd8 17.Nf3 h6 18.fxe5 dxe5 19.Qd2 cxd5 20.cxd5 Rxc3 21.Qxc3 Nxe4 22.Qb3
Be7 23.Kg1 Nd6 24.Nd2 Nf6 25.Nc4 Nxd5 26.Nxd6 Qxd6 27.Bc5 Qg6 28.Bxe7 Nxe7
29.Qxb7 {#r} 1-0

[Event "It (open)"]
[Site "masterchessopen.com - Voronezh (Russia)"]
[Date "2009.06.12"]
[Round "1"]
[White "Popov Valerij (RUS)"]
[Black "Chekhov Sergei (RUS)"]
[Result "1-0"]
[WhiteElo "2563"]
[BlackElo "2328"]

1.d4 d6 2.Nf3 Nf6 3.c4 Nbd7 4.Nc3 e5 5.e4 exd4 6.Nxd4 Nc5 7.f3 g6 8.Be2 Bg7
9.O-O O-O 10.Be3 a5 11.Qd2 Re8 12.Rfd1 Qe7 13.Bf1 Bd7 14.b3 c6 15.Nde2 Bf8
16.Bf4 a4 17.b4 Na6 18.a3 Be6 19.Bxd6 Qxd6 20.Qxd6 Bxd6 21.Rxd6 Rad8 22.Rxd8
Rxd8 23.Nf4 {#r} 1-0

[Event "It (open)"]
[Site "masterchessopen.com - Naujac sur Mer (France)"]
[Round "1"]
[White "Benitah Yohan (FRA)"]
[Black "Capron Daniel (FRA)"]
[Result "1-0"]
[WhiteElo "2383"]
[BlackElo "2093"]

1.d4 d6 2.c4 Nd7 3.e4 Ngf6 4.Nc3 e5 5.Nf3 Be7 6.Be2 c6 7.O-O h6 8.Qc2 g5 9.Rd1
Qc7 10.b4 Nf8 11.Bb2 Ng6 12.c5 dxc5 13.dxe5 Ng4 14.Na4 cxb4 15.e6 Bxe6 16.Bxh8
Nxh8 17.h3 Ne5 18.Nc5 Bc8 19.Nd3 Nxd3 20.Bxd3 Ng6 21.Bc4 h5 22.Qb3 Qf4 23.g3
Qf6 24.e5 Qg7 25.e6 f5 26.Nd4 Qf6 27.Qf3 g4 28.Qxf5 c5 29.Qxh5 Kf8 30.Nf5 {#r}
1-0

[Event "It (open) (b)"]
[Site "masterchessopen.com - Chojnice (Poland)"]
[Date "2009.07.15"]
[Round "6"]
[White "Sciwarski Mariusz (POL)"]
[Black "Grajczak Adrian (POL)"]
[Result "0-1"]
[WhiteElo "1877"]
[BlackElo "1985"]

1.Nf3 d6 2.d4 Nd7 3.c4 e5 4.e4 Ngf6 5.Nc3 Be7 6.Be2 O-O 7.O-O c6 8.Re1 Qc7
9.h3 Re8 10.dxe5 dxe5 11.Rb1 Nf8 12.b4 h6 13.b5 Ng6 14.Bf1 Be6 15.g3 cxb5
16.Rxb5 Bxc4 17.Bxc4 Qxc4 18.Qb3 Qxb3 19.Rxb3 b6 20.Nd5 Nxd5 21.exd5 f6 22.Be3
Red8 23.Rc1 Rxd5 24.a4 Rad8 {#R} 0-1